[Event "Chojnice op-B 6th"]
[Site "Chojnice"]
[Date "2010.07.14"]
[Round "7.13"]
[White "Rzepinski, Maciej"]
[Black "Pokarowski, Maciej"]
[Result "1/2-1/2"]
[WhiteElo "1637"]
[BlackElo "1715"]
[PlyCount "29"]
[EventDate "2010.07.08"]
[EventType "swiss"]
[EventRounds "9"]
[EventCountry "POL"]
[SourceTitle "EXT 2023"]
[Source "ChessBase"]
[SourceDate "2022.10.05"]
[SourceVersion "1"]
[SourceVersionDate "2022.10.05"]
[SourceQuality "1"]

1. d4 d5 2. c4 e6 3. Nc3 Be7 4. Nf3 Nf6 5. Bg5 0-0 6. e3 b6 7. cxd5 Nxd5 8. Bxe7 Qxe7 9. Nxd5 exd5 10. Bd3 Bb7 11. 0-0 Na6 12. a3 c5 13. dxc5 Nxc5 14. Bc2 Rfd8 15. Nd4 1/2-1/2